000 00501nam a2200181Ia 4500
001 11092
005 20260306161920.0
008 260306t2003||||xx |||||||||||||| ||spa||
041 _aESP
082 _a985.007
_bO44
100 _aOliart, Patricia [ed.]
_eAUT
245 0 _aTerritorio, cultura e historia:
_bmateriales para la renovación de la enseñanza sobre la soiedad peruana
260 _c2003
300 _a348 páginas :
_c
650 _aGEN
654 _aCHU
942 _cLIB
_dJUS
_fJUS
_2ddc
_n
999 _c11092
_d11092